4-Letter Blitz Quiz Stats

 Plays Quiz Updated Nov 15, 2018

Also try: 5-Letter Blitz
Challenge
Share
Tweet
Embed
Score 0/40 Timer 05:00
3 Plays Today
Category 4-Letter Word % Correct
MonthsJune, July
95.9%
Chess PiecesPawn, Rook, King
95.1%
US StatesUtah, Iowa, Ohio
92.5%
Pope NamesPius, Paul, John, Mark
92.4%
Written-Out NumbersFour, Five, Nine, Zero
91.7%
Homer Simpson's KidsLisa, Bart
91.1%
New Testament BooksMark, Luke, John, Acts, Jude
90.5%
Original 64 CrayolaBlue, Gray, Gold, Plum
90.3%
US PresidentsTaft, Bush, Ford, Polk
86.5%
ElementsIron, Lead, Neon, Gold, Zinc
84.6%
12 Olympian GodsHera, Ares, Zeus
84.5%
Greek AlphabetBeta, Zeta, Iota
84.3%
Orchestra InstrumentsOboe, Tuba, Harp
84.3%
BirthstonesRuby, Onyx, Opal
83.1%
CountriesCuba, Fiji, Chad, Iran, Peru...
82.9%
Spice Girls' NicknamesPosh, Baby
82.3%
Parts of SpeechNoun, Verb
82%
English MonarchsAnne, John, Mary, Offa
80.6%
NBA TeamsHeat, Jazz, Nets, Suns
69.7%
MLB TeamsCubs, Rays, Reds, Mets
69.6%
Category 4-Letter Word % Correct
World CapitalsRome, Lima, Oslo, Bern, Riga...
67.8%
Islands of HawaiiMaui, O'ahu
67.7%
Starship Enterprise CaptainsKirk, Pike
65.6%
NFL TeamsRams, Jets
65.3%
Tony Best MusicalsRent, Cats, Nine, Once
61.1%
South Park's Four BoysStan, Eric, Kyle
59.8%
D-Day Beach NamesJuno, Utah, Gold
55.1%
Beatles SongsHelp!, Girl, Rain, Wait, Boys...
48.2%
NATO Phonetic AlphabetEcho, Golf, Zulu, Kilo, Mike...
40.5%
Old Testament BooksRuth, Amos, Ezra, Joel
39.2%
Animated Disney FilmsCars, Bolt, Coco
37.7%
Outstanding Emmy SeriesLost, Taxi, M*A*S*H, Veep
30.4%
Stephen King NovelsCujo, Rage, Cell
28.8%
British Prime MinistersPitt, Peel, Eden, Grey, Lamb...
22.9%
British CountiesKent, Fife
20.2%
Oscar's Best ActorsFoxx, Penn, Cage, Rush, Hurt...
19.8%
Pokémon (Gen 1)Jynx, Seel, Onix, Abra
14.7%
Canterbury Tales PilgrimsCook, Monk
11.5%
Literature NobelistsCela, Buck, Mann, Shaw, Gide...
6%
ConstellationsLyra, Apus, Crux, Grus, Lynx...
5%

You're not logged in!

Compare scores with friends on all Sporcle quizzes.
OR
Log In

You Might Also Like...

Show Comments

Extras

Top Quizzes Today


Score Distribution

Your Account Isn't Verified!

In order to create a playlist on Sporcle, you need to verify the email address you used during registration. Go to your Sporcle Settings to finish the process.

Report this User

Report this user for behavior that violates our Community Guidelines.

Details: